Top 10 Leicester City Premier League Scorers - Statistics

General Stats
  • This quiz has been taken 210 times
    171 since last reset
  • The average score is 5 of 10
Answer Stats
Player Goals % Correct
Jamie Vardy 145
100%
Riyad Mahrez 39
87%
James Maddison 43
73%
Kelechi Iheanacho 30
59%
Harvey Barnes 35
58%
Emile Heskey 33
40%
Muzzy Izzet 34
34%
Youri Tielemans 23
33%
Tony Cottee 27
24%
Matt Elliott 22
15%
No matching quizzes found
Score Distribution
Percent of People with Each Score
Percentile by Number Answered
Your Score History
You have not taken this quiz since the last reset